Statistics for Top Selling NFL Jerseys first 5 weeks of 2016 Season

Click here to take the quiz!

General Stats

  • This quiz has been taken 267 times
  • The average score is 4 of 7

Answer Stats

RankPositionAnswer% Correct
#6TERob Gronkowski
79%
#5QBRussel Wilson
62%
#3WRAntonio Brown
59%
#7QBDak Prescott
53%
#4RBEzekiel Elliot
53%
#1QBCarson Wentz
39%
#2DEVon Miller
36%

Score Distribution

Percentile by Number Answered

Percent of People with Each Score

Your Score History

You have not taken this quiz